Na ceste od industriálnej k informačnej spoločnosti. 2
Pokračovanie analýzy vývoja našej spoločnosti. Automatizácia, pružné výrobné systémy a robotizácia. Zásady charakterizujúce industriálnu spoločnosť. Celosvetový zákazník. Možnosti vzniku novej vývojovej etapy - informačnej spoločnosti.
Salvato in:
| Autore principale: | |
|---|---|
| Natura: | Capitolo di libro |
| Lingua: | slovacco |
| Soggetti: | |
| Tags: |
Nessun Tag, puoi essere il primo ad aggiungerne!!
|
MARC
| LEADER | 00000naa a2200000 4500 | ||
|---|---|---|---|
| 001 | r025519 | ||
| 005 | 20230824085354.2 | ||
| 041 | 0 | |a slo | |
| 044 | |a SK | ||
| 245 | 1 | 0 | |a Na ceste od industriálnej k informačnej spoločnosti. 2 |c H. Ďurkovič |
| 520 | |a Pokračovanie analýzy vývoja našej spoločnosti. Automatizácia, pružné výrobné systémy a robotizácia. Zásady charakterizujúce industriálnu spoločnosť. Celosvetový zákazník. Možnosti vzniku novej vývojovej etapy - informačnej spoločnosti. | ||
| 610 | 2 | 0 | |a svet |
| 610 | 2 | 0 | |a Slovensko |
| 610 | 2 | 0 | |a vývoj spoločenský |
| 610 | 2 | 0 | |a spoločnosť industriálna |
| 610 | 2 | 0 | |a spoločnosť informačná |
| 100 | 1 | |a Ďurkovič, H. | |